000 00387nam a2200157Ia 4500
008 210716s2011 xx 000 0 und d
020 _a9788131725689
041 _aeng
082 _a658.3 MONR
100 _aMondy, R Wayne.
245 _aHuman resource management.
250 _a10
260 _aNew Delhi
_bPearson
_c2011
300 _axx,436
650 _aHuman Resource Management
999 _c208045
_d208045